000 00664nam a2200265 i 4500
001 13116
003 ES-MaBCM
005 20241016091731.0
008 871020s1986 esp 000 0 spa d
020 _a84-239-2522-0
021 _axx
035 _a(OCoLC)1350266988
040 _cES-MaBCM
041 0 _aspa
043 _aesp
080 _a342.721(460)
100 1 _928934
_aMarías, Julián
_d1914-2005
245 1 3 _aLa libertad en juego
_cJulián Marías
260 _aMadrid :
_bEspasa Calpe,
_c1986
300 _a310 p.
_c19 cm
440 0 _aColección boreal
_996374
_v21
650 2 7 _aLibertad
_959254
651 2 4 _aEspaña
_9115342
942 _cBK
999 _c13116
_d13116